000 00641cam a2200229 4500500
005 20260329003843.0
041 _afre
042 _adc
100 1 0 _aDenieuil, Marie
_eauthor
245 0 0 _a50 nuances de coworking
260 _c2017.
500 _a44
690 _aCoopération
690 _aCoworking
690 _aLiberté
690 _aMichel Lallement
690 _aPlaisir
690 _aSolidarité
690 _aTravail
786 0 _nPhilosophie magazine | 109 | 5 | 2017-05-01 | p. 27-28 | 1951-1787
856 4 1 _uhttps://shs.cairn.info/magazine-philosophie-magazine-2017-5-page-27?lang=fr&redirect-ssocas=7080
999 _c1828403
_d1828403